Esquema d'un possible programa cultural olímpic /
Descripción Física:
8 pàgs. ; il. col. ; 29 cm.
Colección:
Arrel : revista editada per la Diputació de Barcelona
; Núm. 15-16 (octubre, 1986) ; pàgs. 94-101
Otros Autores:
Font, Jordi
MARC
| LEADER | 00000nab a2200000 a 4500 | ||
|---|---|---|---|
| 001 | 8161 | ||
| 003 | Arxiu | ||
| 005 | 20260324175953.0 | ||
| 008 | 160829s9999 xx 000 0 cat d | ||
| 100 | 1 | |a Benach, Joan-Anton, |d 1936- |9 20209 | |
| 245 | |a Esquema d'un possible programa cultural olímpic / |c Joan-Anton Benach i Jordi Font | ||
| 260 | |a Barcelona : |b Diputació de Barcelona ; |c 1986 | ||
| 300 | |a 8 pàgs. ; |b il. col. ; |c 29 cm. | ||
| 490 | |a Arrel : revista editada per la Diputació de Barcelona ; |v Núm. 15-16 (octubre, 1986) ; pàgs. 94-101 |x 0211-562X | ||
| 650 | |a Difusió cultural |x Barcelona |9 42849 | ||
| 650 | |a Jocs olímpics |9 42850 | ||
| 651 | 0 | |a Barcelona (Catalunya : Província) |x Política cultural |9 53523 | |
| 700 | |a Font, Jordi |9 42851 | ||
| 856 | 4 | |u https://media.diba.cat/diba/fitxers/arxiu/hemeroteca/arrel/8161/bib_8161_1984_1986_n07_a18_baixa.pdf |y bib_8161_1984_1986_baixa.pdf | |
| 856 | 4 | ||
| 901 | |a Arxiu | ||
| 942 | |n 1 |2 udc |c Articles de revista | ||
| 952 | |0 0 |1 0 |2 udc |4 0 |6 REV94 |7 1 |9 51056 |a Arxiu |b Arxiu |d 2016-12-01 |o Rev-94 |r 2016-12-01 00:00:00 |w 2016-12-01 |y ARXIU | ||
| 999 | |c 54899 |d 54899 | ||
| 900 | |a bib_8161_1984_1986_n07_a18_baixa.pdf | ||